000 00839nam a2200265 i 4500
001 9438
003 ES-MaACL
005 20230906145655.0
007 t|
008 930903s1990 sp ||||1| spa d
020 _a84-7899-001-1
080 _a362.191.1(46)
100 1 _aClemente, Josep Carles.
_939196
245 1 0 _aHistoria de la Cruz Roja Española /
_cJosep Carles Clemente.
250 _a[3a ed.].
260 _a[Madrid] :
_bCruz Roja Española, Oficina Central,
_c1990.
300 _a311 p. :
_bfot. ;
_c23 cm.
490 1 _aColección básica ;
_v9
500 _aBibliografía.
610 2 _aCruz Roja Española-
_xHistoria.
_93324
710 2 _aCruz Roja Española.
_93322
830 0 _aColección básica ;
_v9
_9181955
852 _aES-MaACL
_jL-16829
_bR.118944
_q. - Ded. autógr. del autor
999 _c9438
_d9438